Biometrický softvér na identifikáciu osôb odtlačkami prstov v nízkej kvalite

Gespeichert in:
Bibliographische Detailangaben
1. Verfasser: Jenis, Andrej (Verfasst von)
Weitere Verfasser: Marák, Pavol (Betreuung Doktorarbeit)
Format: Manuskript Buch
Sprache:Slowakisch
Veröffentlicht: 2017
Schlagworte:
Online-Zugang:http://is.stuba.sk/zp/portal_zp.pl?podrobnosti=116034
Tags: Tag hinzufügen
Keine Tags, Fügen Sie das erste Tag hinzu!

MARC

LEADER 00000ntm a22000003a 4500
001 stuzp61549
003 SK-STU
005 20170727101102.0
007 ta
008 150427s2015----xo-----f-mn---000-0-slo-d
040 |a STU  |b slo 
041 0 |a slo 
044 |a xo 
100 1 |a Jenis, Andrej  |u 035000  |4 aut  |U FEI Fakulta elektrotechniky a informatiky  |T FEI Ústav informatiky a matematiky  |X 74708  |U E050  |Y 816  |7 74708 
242 0 1 |a Biometric identification software suitable for fingerprints in low quality  |y eng 
245 1 0 |a Biometrický softvér na identifikáciu osôb odtlačkami prstov v nízkej kvalite 
260 |c 2017 
300 |a 45 s.,  |b CD-ROM 
650 4 |a daktyloskopia  |2 slo 
650 4 |a odtlačky  |2 slo 
650 4 |a nízka kvalita  |2 slo 
650 4 |a Support Vector Machine  |2 slo 
650 4 |a identifikácia  |2 slo 
650 4 |a low quality  |2 eng 
650 4 |a dactyloscopy  |2 eng 
650 4 |a Support Vector Machine  |2 eng 
650 4 |a fingerprints  |2 eng 
650 4 |a identification  |2 eng 
700 1 |a Marák, Pavol  |u 035000  |k Z8  |4 ths  |U FEI Fakulta elektrotechniky a informatiky  |T FEI Ústav informatiky a matematiky  |X 50790  |U E050  |Y 816  |7 A000050790 
856 4 |u http://is.stuba.sk/zp/portal_zp.pl?podrobnosti=116034 
996 |b 284ER02467  |c E*Bc- 2467  |l EE35  |s P  |a 0  |w stuzp61549_0001